El devenir de la creación : (Registro nro. 7384)
[ vista simple ]
| 000 -LEADER | |
|---|---|
| fixed length control field | 01101cam a2200277 a 4500 |
| 003 - CONTROL NUMBER IDENTIFIER | |
| control field | OSt |
| 005 - DATE AND TIME OF LATEST TRANSACTION | |
| control field | 20250408151757.0 |
| 008 - FIXED-LENGTH DATA ELEMENTS--GENERAL INFORMATION | |
| fixed length control field | 050728t 2005ck ad r 000 0 spa d |
| 020 ## - INTERNATIONAL STANDARD BOOK NUMBER | |
| International Standard Book Number | [958]3376612 |
| 040 ## - CATALOGING SOURCE | |
| Original cataloging agency | CO-BoPUJ |
| Transcribing agency | CO-JMCR |
| 041 0# - LANGUAGE CODE | |
| Language code of text/sound track or separate title | spa |
| 082 04 - DEWEY DECIMAL CLASSIFICATION NUMBER | |
| Classification number | A-N |
| Item number | ABDd |
| Edition number | 23 |
| 100 1# - MAIN ENTRY--PERSONAL NAME | |
| Personal name | Abdala Mesa, Yohainna, |
| Relator term | autora |
| 9 (RLIN) | 14141 |
| 245 13 - TITLE STATEMENT | |
| Title | El devenir de la creación : |
| Remainder of title | Marvel Moreno : escritura, memoria, tiempo / |
| Statement of responsibility, etc. | Yohainna Abdala Mesa |
| 260 ## - PUBLICATION, DISTRIBUTION, ETC. | |
| Place of publication, distribution, etc. | Bogotá : |
| Name of publisher, distributor, etc. | Ministerio de Cultura, |
| Date of publication, distribution, etc. | 2005. |
| 300 ## - PHYSICAL DESCRIPTION | |
| Extent | 144 páginas : |
| Other physical details | ilustraciones a blanco y negro ; |
| Dimensions | 21 cm. |
| 504 ## - BIBLIOGRAPHY, ETC. NOTE | |
| Bibliography, etc. note | Incluye referencias bibliográficas : páginas 105-140. |
| 590 ## - LOCAL NOTE (RLIN) | |
| Local note | Beca nacional de investigación en literatura 2004. |
| 590 ## - LOCAL NOTE (RLIN) | |
| Local note | Beca nacional de investigación en literatura 2004. |
| 600 14 - SUBJECT ADDED ENTRY--PERSONAL NAME | |
| Personal name | Moreno, Marvel |
| Dates associated with a name | 1939-1995 |
| Title of a work | Tiempo de las Amazonas |
| 9 (RLIN) | 14142 |
| 650 24 - SUBJECT ADDED ENTRY--TOPICAL TERM | |
| Topical term or geographic name entry element | Novela colombiana |
| General subdivision | Historia y crítica |
| 9 (RLIN) | 14143 |
| 650 24 - SUBJECT ADDED ENTRY--TOPICAL TERM | |
| Topical term or geographic name entry element | Crítica literaria |
| 9 (RLIN) | 10442 |
| 650 24 - SUBJECT ADDED ENTRY--TOPICAL TERM | |
| Topical term or geographic name entry element | Literatura colombiana |
| General subdivision | Historia y crítica |
| 9 (RLIN) | 11540 |
| 650 24 - SUBJECT ADDED ENTRY--TOPICAL TERM | |
| Topical term or geographic name entry element | Mujeres en la literatura |
| Geographic subdivision | Colombia |
| 9 (RLIN) | 14144 |
| 942 ## - ADDED ENTRY ELEMENTS (KOHA) | |
| Source of classification or shelving scheme | Dewey Decimal Classification |
| Koha item type | Books |
| Withdrawn status | Lost status | Source of classification or shelving scheme | Damaged status | Not for loan | Home library | Current library | Shelving location | Date acquired | Source of acquisition | Total Checkouts | Full call number | Barcode | Date last seen | Copy number | Price effective from | Koha item type |
|---|---|---|---|---|---|---|---|---|---|---|---|---|---|---|---|---|
| Dewey Decimal Classification | Biblioteca Pública José María del Castillo y Rada | Biblioteca Pública José María del Castillo y Rada | Fiction | 02/25/2021 | Donación | A-N ABDd | 201810642 | 03/01/2021 | Ej.1 | 02/25/2021 | Books | |||||
| Dewey Decimal Classification | Biblioteca Pública José María del Castillo y Rada | Biblioteca Pública José María del Castillo y Rada | Fiction | 02/25/2021 | Donación | A-N ABDd | 201810641 | 03/01/2021 | Ej.2 | 02/25/2021 | Books |